Countries Where Marriage is Most Likely to End in Divorce - Statistics

General Stats
  • This quiz has been taken 32 times
  • The average score is 16 of 21
Answer Stats
% Country # % Correct
62.7 Russia 684,000
97%
59.7 Spain 76,700
93%
51.9 Sweden 21,200
93%
56.1 Finland 11,500
90%
45.5 Norway 8,470
90%
51.8 Denmark 12,900
87%
54.4 Ukraine 142,000
87%
44.5 Italy 79,900
83%
67.8 Portugal 17,400
83%
45.1 Australia 47,200
80%
48.2 Estonia 2,650
80%
46.9 Latvia 5,310
77%
44.7 Lithuania 7,230
77%
54.8 Belgium 20,000
73%
49.4 Netherlands 24,300
70%
41.2 New Zealand 7,500
70%
49.6 Czechia 19,500
67%
70.3 Luxembourg 1,360
63%
42 Switzerland 15,600
63%
42.9 South Korea 91,200
47%
59.6 Maldives 1,940
13%
No matching quizzes found
Score Distribution
Percent of People with Each Score
Percentile by Number Answered
Your Score History
You have not taken this quiz